Idiomas escritos sin vocales #1 - Estadísticas

Estadísticas generales
  • Esta prueba ha sido intentada 389 veces
  • La puntuación promedio es 12 de 15
Estadísticas de respuestas
Pista Idioma % Correcto
_SP_Ñ_L Español
100%
FR_NC_S Francés
99%
_NGL_S Inglés
99%
J_P_N_S Japonés
99%
R_S_ Ruso
99%
M_ND_R_N Mandarín
98%
P_RT_G__S Portugués
98%
V__TN_M_T_ Vietnamita
89%
N__RL_ND_S Neerlandés
86%
_SP_R_NT_ Esperanto
72%
B_NG_L_ Bengalí
68%
S_RB_CR__T_ Serbocroata
68%
_FR_K__NS Afrikáans
64%
_RD_ Urdu
63%
G__R_N_ Guaraní
29%
No se encontraron pruebas coincidentes
Distribución de puntuación
Porcentaje de gente con cada puntuación
Porcentaje por número respondido
Historial de tus puntuaciones
No has intentado esta prueba.